000 00533nam a2200169 i 4500
001 112255
003 ES-MaACL
005 20230906185502.0
007 t|
008 061121s1968 sp r ||||1| spa d
100 1 _aOrtega Costa, Antonio de P.
_987448
245 1 3 _aLa embajada extraordinaria de Cabarrus /
_cAntonio de P. Ortega Costa, Ana María García Osma.
260 _aMadrid :
_b[s.n.],
_c1968 (
_fImp. Ferreira)
300 _a64 p. ;
_c17 cm.
700 1 _aGarcía Osma, Ana María.
_955066
852 _aES-MaACL
_jC-35344
999 _c112255
_d112255